[Event "Litomysl 2007"]
[Site "?"]
[Date "2008.01.01"]
[Round "9.12"]
[White "Jackova, Jana"]
[Black "Jirasek, Pavel"]
[Result "1/2-1/2"]
[WhiteElo "2375"]
[BlackElo "2271"]
[PlyCount "59"]
[EventDate "2007.12.26"]

1. e4 c5 2. Nf3 Nc6 3. Bb5 d6 4. O-O Bd7 5. Re1 e5 6. c3 a6 7. Bf1 Nf6 8. d4
Bg4 9. d5 Ne7 10. h3 Bd7 11. Nh4 h6 12. f4 exf4 13. e5 dxe5 14. Rxe5 g5 15. Qd2
Bg7 16. d6 Be6 17. dxe7 Qxd2 18. Nxd2 gxh4 19. Rxc5 Nd5 20. Bc4 Nxe7 21. Rc7
Rb8 22. Nf3 Nd5 23. Bxd5 Bxd5 24. Bxf4 O-O 25. Nxh4 Rbc8 26. Rxc8 Rxc8 27. Re1
Bxa2 28. Nf5 Kh7 29. Re7 b5 30. Nxg7 1/2-1/2

[Event "Litomysl 2007"]
[Site "?"]
[Date "2008.01.01"]
[Round "9.18"]
[White "Kubecka, David"]
[Black "Bebel, Arkadiusz"]
[Result "1-0"]
[WhiteElo "2271"]
[BlackElo "2153"]
[PlyCount "71"]
[EventDate "2007.12.26"]

1. e4 c5 2. Nf3 e6 3. d4 cxd4 4. Nxd4 Nf6 5. Nc3 d6 6. g4 Nc6 7. g5 Nd7 8. Be3
a6 9. Qd2 Nxd4 10. Qxd4 b5 11. O-O-O Bb7 12. a3 Rc8 13. f4 e5 14. Qd2 Qa5 15.
Bh3 Rxc3 16. Qxc3 Qxc3 17. bxc3 Bxe4 18. Rhe1 d5 19. Kb2 Bd6 20. Bf2 f5 21.
Rxe4 fxe4 22. Rxd5 Ke7 23. Bxd7 exf4 24. Bg4 e3 25. Be1 g6 26. c4 bxc4 27. Bc3
Rb8+ 28. Ka2 Rb6 29. Bd4 Rc6 30. Bf6+ Ke8 31. Kb2 Rb6+ 32. Kc3 Bxa3 33. Kxc4 h5
34. Be2 Rb1 35. Kd4 Rb8 36. Ke4 1-0

[Event "Litomysl 2007"]
[Site "?"]
[Date "2008.01.01"]
[Round "9.22"]
[White "Neumeier, Klaus"]
[Black "Hrbolka, Ladislav"]
[Result "1/2-1/2"]
[WhiteElo "2273"]
[BlackElo "2139"]
[PlyCount "43"]
[EventDate "2007.12.26"]

1. e4 c5 2. Nf3 Nc6 3. Bb5 g6 4. O-O Bg7 5. Re1 e6 6. Bxc6 dxc6 7. d3 Qc7 8. h3
Nf6 9. Be3 O-O 10. Nbd2 Nd7 11. Nc4 b6 12. Qd2 a5 13. a4 Ba6 14. b3 Bxc4 15.
bxc4 Rae8 16. Rab1 Qd6 17. Bh6 Re7 18. Nh2 f5 19. exf5 gxf5 20. Bg5 Ref7 21. f3
Kh8 22. Kh1 1/2-1/2